LEADER 01416nam a2200325 a 4500 001 000000124601 003 CaOOAMICUS 005 20110309132348.0 008 110309s2010 it 000 u ita r 020 $a978-88-96814-48-2 040 $aPUL$bita 082 04$a342.06 100 1 $aGarofoli, Roberto.$0(OLS)http://pul/name/67736 245 10$aManuale di diritto amministrativo /$cRoberto Garofoli, Giulia Ferrari. 250 $a4. ed. Sulla cop. Ed. rivista alla luce di Codice processo amministrativo, nuova S.C.I.A., nuovo regolamento servizi sociali. 260 $aRoma :$bNeldiritto,$cİ2010. 300 $aXXXVI, 2123 p. ;$c25 cm. 490 1 $aManuali superiori 504 $aBibliografia in nota. 650 14$aDiritto amministrativo$zItalia$vManuali.$0(OLS)http://pul/subject/17904 700 1 $aFerrari, Giulia.$0(OLS)http://pul/name/70557 830 0$aManuali superiori.$0(OLS)http://pul/title/143720 850 $aPUL 852 $aPUL$W1$xDP2 Diritto e Scienze Sociali 3$y110$m342. 06 ALPGU 1$j143487$qDDC 21$B142516$CPULBib$Z2$F142516 $H116345 $82 941 1 $a9 996 $6020$a978-88-96814-48-2$9(OLS)http://pul/number/146613 996 $6082$a342.06$9(OLS)http://pul/classification/1891 996 $6245$aManuale di diritto amministrativo$9(OLS)http://pul/title/52899 996 $6260$aRoma :$bNeldiritto$9(OLS)http://pul/publisher/79815 LEADER 01332nam a2200301 a 4500 001 000000176933 003 CaOOAMICUS 005 20240614145018.0 008 240614s2013 xxu u000 u eng r 020 $z0-631-22919-3* 040 $aPUL$bita 082 1 $a004.01 245 04$aThe Blackwell guide to the philosophy of computing and information /$cedited by Luciano Floridi . 250 $a1. edizione. 260 $aOxford ;$aMalden :$bBlackwell,$c2004. 300 $axiv, 371 p. ;$c24 cm 490 1 $aBlackwell philosophy guides 504 $aInclude indice e riferimenti bibliografici. 650 4$aTecnologia (filosofia).$0(OLS)http://pul/subject/24041 700 1 $aFloridi, Luciano,$d1964-$0(OLS)http://pul/name/75158 830 0$aBlackwell philosophy guides.$0(OLS)http://pul/title/105003 850 $aPUL 852 $aPUL$W1$xSL Cons. Gen., Altre Classi 3$y75$m004. 01 FLOLU 1$j200933$qDDC 21$B205890$CPULBib$Z2$F205890 $H137102 $81 996 $6020$z0-631-22919-3*$9(OLS)http://pul/number/169798 996 $6082$a004.01$9(OLS)http://pul/classification/3505 996 $6245$aThe Blackwell guide to the philosophy of computing and information$9(OLS)http://pul/title/218434 996 $6260$aOxford ;$aMalden :$bBlackwell$9(OLS)http://pul/publisher/75797